Normal view
MARC view
- Teferra, M.
Entry Personal Name
001 - CONTROL NUMBER
- control field: 19641
003 - CONTROL NUMBER IDENTIFIER
- control field: NUST
005 - DATE AND TIME OF LATEST TRANSACTION
- control field: 20190828055630.0
008 - FIXED-LENGTH DATA ELEMENTS
- fixed length control field: 190828|| aca||aabn | a|a d
040 ## - CATALOGING SOURCE
- Original cataloging agency: NUST
- Transcribing agency: NUST
100 ## - HEADING--PERSONAL NAME
- Personal name: Teferra, M.
670 ## - SOURCE DATA FOUND
- Source citation: Work cat.: (NUST)0: Baguant, J. 19638, Transport energy in Africa /, 1996.
